Marine - Fille ordinaire - Statistiques

Statistiques générales
  • Ce quiz a été pris 51 fois
  • Le résultat moyen est 257 sur 346
Statistiques - réponses
Réponse % Correct
j'
100%
à
96%
a
96%
fille
96%
ordinaire
96%
suis
96%
un
96%
une
96%
d'
91%
et
91%
je
91%
je-
91%
m'
91%
de
87%
n'
87%
qu'
87%
galères
83%
l'
83%
ma
83%
pleine
83%
qui
83%
joie
78%
le
78%
moi
78%
aime
74%
me
74%
pas
74%
bien
70%
ce
70%
celle
70%
comme
70%
des
70%
dis
70%
en
70%
espère
70%
faut
70%
il
70%
mais
70%
manières
70%
mes
70%
ou
70%
populaire
70%
pour
70%
sans
70%
artifice
65%
ça
65%
changer
65%
est
65%
fais
65%
gens
65%
moque
65%
mots
65%
on
65%
oui
65%
parfois
65%
que
65%
se
65%
soir
65%
souvent
65%
tard
65%
trop
65%
vie
65%
vois
65%
air
61%
amour
61%
avoir
61%
colère
61%
dans
61%
enfers
61%
être
61%
femme
61%
force
61%
fort
61%
fragile
61%
peu
61%
robes
61%
simplement
61%
sincère
61%
tu
61%
veux
61%
accent
57%
assez
57%
avec
57%
moins
57%
ne-
57%
nord
57%
peut-
57%
place
57%
prennent
57%
regarde
57%
reste
57%
rester
57%
sourires
57%
aimerait
52%
beaucoup
52%
classique
52%
déplaire
52%
envoyer
52%
fière
52%
habits
52%
miroir
52%
peux
52%
quoi
52%
rien
52%
rit
52%
sacrifice
52%
sais-
52%
tout
52%
vis
52%
y
52%
accepter
48%
basiques
48%
demande
48%
donne
48%
doutes
48%
faire
48%
mets
48%
pourquoi
48%
quand
48%
qu'il
48%
remplie
48%
déserts
43%
noir
43%
longtemps
35%
Aucun quiz correspondant
Distribution des résultats
% des personnes avec chaque résultat
Percentile par nombre de réponses
Votre historique - résultats
Vous n’avez pas pris ce quiz